00490nam a22001457a 450000500170000000800410001702000340005804100130009208200140010510000510011924500700017026000440024030000340028465000260031820231115130820.0231115b |||||||| |||| 00| 0 eng d a9780409044850 ; 9780409127560 aEnglish  a344.1 MYB aMyburgh, A ; Bosch, C and Itzkin, R lEnglish  aReviews in the Labour Courts / cA Myburgh, A Bosch and R Itzkin  aDurban : bLexisNexis (Pty) Ltd, c2016 bxiii, 518 pages ; c24,8 cm.  aLegal practice bLaw